Mission planet earth: (Record no. 367379)
[ view plain ]
| 000 -LEADER | |
|---|---|
| fixed length control field | 00541nam a22001697a 4500 |
| 003 - CONTROL NUMBER IDENTIFIER | |
| control field | a |
| 005 - DATE AND TIME OF LATEST TRANSACTION | |
| control field | 20250410112550.0 |
| 008 - FIXED-LENGTH DATA ELEMENTS--GENERAL INFORMATION | |
| fixed length control field | 250410b xxu||||| |||| 00| 0 eng d |
| 082 ## - DEWEY DECIMAL CLASSIFICATION NUMBER | |
| Classification number | M 551 Ri544 2009 |
| Item number | E12539 |
| 100 ## - MAIN ENTRY--PERSONAL NAME | |
| Personal name | Ride, Sally/ O;Shaughnessy, Tam |
| 245 ## - TITLE STATEMENT | |
| Title | Mission planet earth: |
| Remainder of title | our world and it's climate- and how humans are changing them/ |
| Statement of responsibility, etc | Sally Ride & Tam Shaughnessy |
| 260 ## - PUBLICATION, DISTRIBUTION, ETC. (IMPRINT) | |
| Place of publication, distribution, etc | New York: |
| Name of publisher, distributor, etc | Roaring Brook Press: |
| Date of publication, distribution, etc | c2009 |
| 300 ## - PHYSICAL DESCRIPTION | |
| Extent | 80 pp. |
| Other physical details | illustratted |
| Dimensions | 21 cm |
| 648 ## - SUBJECT ADDED ENTRY--CHRONOLOGICAL TERM | |
| Source of heading or term | Planet |
| 650 ## - SUBJECT ADDED ENTRY--TOPICAL TERM | |
| Source of heading or term | Earth |
| 942 ## - ADDED ENTRY ELEMENTS (KOHA) | |
| Source of classification or shelving scheme | Dewey Decimal Classification |
| Koha item type | Books |
No items available.